000 01062nam a22002177a 4500
003 BD-DhJNU
005 20260427034231.0
008 260427b |||||||| |||| 00| 0 eng d
020 _a9789849569947
040 _aBD-DhJNU
_bBEN
_cBD-DhJNU
_dBD-DhJNU
082 _223
_a732.2
100 _aগঙ্গোপাধ্যায়, কল্যাণকুমার
242 _aSculpture of Bengal /
_cKalyankumar Gangopadhyay
245 _aবাংলার ভাস্কর্য /
_cকল্যাণকুমার গঙ্গোপাধ্যায়
260 _aঢাকা :
_bজার্নিম্যান বুকস,
_c2021.
300 _a২৭৯ পৃ. :
_bচিত্র ;
_c২২ সেমি.।
504 _aগ্রন্থপঞ্জিগত নির্দেশিকা ও নিঘন্ট অন্তভূক্ত
650 _aSculpture, Bengali -- বাংলার ভাস্কর্য
650 _aTerracotta sculpture -- টেরাকোটা ভাস্কর্য
942 _2ddc
_cBK
_n0
999 _c2737
_d2737